Život v našej materskej škole

Bibliographic Details
Main Author: Urbanová, Anna (Author)
Format: Article
Language:Slovak
PhysicalDescription:Fotografie
ISSN:1339-3987
Subjects:

MARC

LEADER 00000nab a2200000 4500
001 vtls011966911
003 SK-MaSNL
005 20260304170409.0
008 200515|2020 xo f||| || ||00 0|slo
040 |e rda 
041 |a slo 
044 |a xo  |c SK 
072 7 |a 373.2/.3  |x Predškolská a primárna výchova a vzdelávanie  |2 konspekt 
080 |a 373.2/.3  |2 2011 
100 1 |a Urbanová, Anna  |4 aut  |9 679846 
245 1 0 |a Život v našej materskej škole  |c Anna Urbanová 
300 |b Fotografie 
336 |a text  |b txt  |2 rdacontent 
337 |a bez média  |b n  |2 rdamedia 
338 |a zväzok  |b nc  |2 rdacarrier 
610 2 7 |a Materská škola (Sačurov, Slovensko)  |2 vthk  |9 102232 
650 0 7 |a materské školy  |2 vthk  |9 1278 
651 7 |a Sačurov (Slovensko)  |2 vthk  |9 51778 
773 0 |t Sačurovské noviny  |g Roč.22, č.2 (2018), s.5  |x 1339-3987 
999 |c 2988521  |d 2990451